Využívanie videokonferencií vo vzdelávaní
Perspektíva využívania videokonferencií vo vzdelávaní. Technické úskalia pri realizácii videokonferencie. Vplyv prípravy učiteľa na kvalitu videokonferencie. Možnosti odstránenia niektorých nedostatkov. Krátka metodika prípravy učiteľa na vyučovanie dištančnou formou s využitím videokonferencie. Mat...
Gespeichert in:
| 1. Verfasser: | |
|---|---|
| Format: | Buchkapitel |
| Sprache: | Slowakisch |
| Schlagworte: | |
| Tags: |
Keine Tags, Fügen Sie das erste Tag hinzu!
|
MARC
| LEADER | 00000nla$a2200000$$$4500 | ||
|---|---|---|---|
| 001 | 0092700 | ||
| 005 | 20240502072032.3 | ||
| 041 | 0 | |a slo | |
| 044 | |a SK | ||
| 245 | 1 | 0 | |a Využívanie videokonferencií vo vzdelávaní |c Jaroslav Kultan |
| 520 | |a Perspektíva využívania videokonferencií vo vzdelávaní. Technické úskalia pri realizácii videokonferencie. Vplyv prípravy učiteľa na kvalitu videokonferencie. Možnosti odstránenia niektorých nedostatkov. Krátka metodika prípravy učiteľa na vyučovanie dištančnou formou s využitím videokonferencie. Materiálne, technické a informačné zabezpečenie. | ||
| 610 | 2 | 0 | |a vzdelávanie dištančné |
| 610 | 2 | 0 | |a vzdelávanie elektronické |
| 610 | 2 | 0 | |a školy stredné |
| 610 | 2 | 0 | |a školy vysoké |
| 610 | 2 | 0 | |a vyučovanie |
| 610 | 2 | 0 | |a kvalita |
| 610 | 2 | 0 | |a technológie informačné |
| 610 | 2 | 0 | |a technológie komunikačné |
| 610 | 2 | 0 | |a internet |
| 100 | 1 | |a Kultan, Jaroslav, 1960- | |